000 00372nam a2200133Ia 4500
008 240719s9999 xx 000 0 und d
041 _aeng
082 _a900 HAR
100 _aHarari, Yuval Noah
245 _aSapiens: The Birth Of Humankind
260 _aLondon
_bPenguin Random House
_c2020
300 _a245 P.; 28 Cm.
520 _aFaculty Purchase By Dr. S. Maheshwaran
999 _c41136
_d41136